|
|
|
|
| LEADER |
01906nam a2200457 i 4500 |
| 001 |
EBC1695957 |
| 003 |
MiAaPQ |
| 005 |
20200520144314.0 |
| 006 |
m o d | |
| 007 |
cr cnu|||||||| |
| 008 |
140520t20142014dcua ob 001 0 eng d |
| 020 |
|
|
|z 9781464801433
|
| 020 |
|
|
|a 9781464801440
|q (electronic bk.)
|
| 035 |
|
|
|a (MiAaPQ)EBC1695957
|
| 035 |
|
|
|a (Au-PeEL)EBL1695957
|
| 035 |
|
|
|a (CaPaEBR)ebr10870340
|
| 035 |
|
|
|a (CaONFJC)MIL614005
|
| 035 |
|
|
|a (OCoLC)880579583
|
| 040 |
|
|
|a MiAaPQ
|b eng
|e rda
|e pn
|c MiAaPQ
|d MiAaPQ
|
| 050 |
|
4 |
|a HE323
|b .K86 2014
|
| 082 |
0 |
|
|a 388.3/242
|2 23
|
| 100 |
1 |
|
|a Kunaka, Charles,
|e author.
|
| 245 |
1 |
0 |
|a Trade and transport corridor management toolkit /
|c Charles Kunaka, Robin Carruthers ; Debra Naylor, cover design.
|
| 264 |
|
1 |
|a Washington, District of Columbia :
|b The World Bank,
|c 2014.
|
| 264 |
|
4 |
|c 2014
|
| 300 |
|
|
|a 1 online resource (411 pages) :
|b illustrations, tables
|
| 336 |
|
|
|a text
|2 rdacontent
|
| 337 |
|
|
|a computer
|2 rdamedia
|
| 338 |
|
|
|a online resource
|2 rdacarrier
|
| 504 |
|
|
|a Includes bibliographical references and index.
|
| 588 |
|
|
|a Description based on print version record.
|
| 590 |
|
|
|a Electronic reproduction. Ann Arbor, MI : ProQuest, 2015. Available via World Wide Web. Access may be limited to ProQuest affiliated libraries.
|
| 650 |
|
0 |
|a Transportation corridors
|x Planning.
|
| 650 |
|
0 |
|a Trade routes
|x Planning.
|
| 650 |
|
0 |
|a Business logistics.
|
| 655 |
|
4 |
|a Electronic books.
|
| 700 |
1 |
|
|a Carruthers, Robin,
|e author.
|
| 700 |
1 |
|
|a Naylor, Debra,
|e cover designer.
|
| 776 |
0 |
8 |
|i Print version:
|a Kunaka, Charles.
|t Trade and transport corridor management toolkit.
|d Washington, District of Columbia : The World Bank, c2014
|h xix, 388 pages
|z 9781464801433
|w 2014001154
|
| 797 |
2 |
|
|a ProQuest (Firm)
|
| 856 |
4 |
0 |
|u https://ebookcentral.proquest.com/lib/matrademy/detail.action?docID=1695957
|z Click to View
|